| 000 | 00785nam a2200229 a 4500 | ||
|---|---|---|---|
| 001 | 000035042 | ||
| 005 | 20200930074051.0 | ||
| 008 | 111024s1967 ag 000 0 spa d | ||
| 040 |
_aDO-SdBNP _bspa _cBNPHU |
||
| 100 | 1 |
_aGreene, Graham _d1904-1991 _911990 |
|
| 240 | 1 | 0 |
_aThe comedians. _lEspañol |
| 245 | 1 | 4 |
_aLos comediantes / _cGraham Greene ; traducción de Enrique Carlos Pezzoni. |
| 250 | _a2a ed. | ||
| 260 |
_aBuenos Aires : _bEditorial Sur, _c1967. |
||
| 300 |
_a352 p. ; _c20 cm. |
||
| 490 | 1 | _aÁlvaro Restrepo Vélez. | |
| 500 | _aTraducido del idioma inglés | ||
| 590 | _aPerteneció a la biblioteca personal de Juan Isidro Jimenes Grullón. | ||
| 700 | 1 |
_aPezzoni, Enrique, _d1914-1989, _etr. _960675 |
|
| 830 | 0 |
_aÁlvaro Restrepo Vélez. _960676 |
|
| 049 | _aBNPD | ||
| 999 |
_c34533 _d34533 |
||